Normal view
MARC view
Entry Personal Name
001 - CONTROL NUMBER
- control field: 537253
003 - CONTROL NUMBER IDENTIFIER
- control field: OSt
005 - DATE AND TIME OF LATEST TRANSACTION
- control field: 20220930075725.0
008 - FIXED-LENGTH DATA ELEMENTS
- fixed length control field: 220930|| aca||aabn | a|a d
040 ## - CATALOGING SOURCE
- Original cataloging agency: OSt
- Transcribing agency: OSt
100 ## - HEADING--PERSONAL NAME
- Personal name: Upadhyaya Sanghya
670 ## - SOURCE DATA FOUND
- Source citation: Work cat.: (OSt)868694: Upadhyaya Sanghya, Hari Shankar Parsai ki kahaniyon mein jantanttra ka swarup, 2004
